| 000 | 00430nam a22001697a 4500 | ||
|---|---|---|---|
| 003 | CEME | ||
| 005 | 20210628203945.0 | ||
| 008 | 210311b xxu||||| |||| 00| 0 eng d | ||
| 020 | _a0-8306-4034-7 | ||
| 040 | _c. | ||
| 082 | _a621.386 BIG'T | ||
| 245 | _aTelephone repair illustrated | ||
| 260 |
_aNEWYORK _bTAB _c1993 |
||
| 300 | _a219P | ||
| 650 |
_aTELEPHONE MAINTENANCE AND REPAIR ANTENNA MANUAL _968010 |
||
| 942 |
_cBK _2ddc |
||
| 999 |
_c575675 _d575675 |
||